000 00704nam a2200217 i 4500
001 100287
003 ES-MaACL
005 20250331063058.0
007 t|
008 050926s1936 fr ||||1| fre d
100 1 _aMarx, Karl,
_d1818-1883
_978590
245 1 0 _aSur la religion /
_cKarl Marx, Friedrich Engels; choisis, traduits et présentés par Lucien Henry.
260 _aParis :
_bEditions Sociales Internationales,
_c1936.
300 _a136 p. ;
_c23 cm.
490 1 _aLes grands textes du marxisme
700 1 _aEngels, Friedrich.
_947225
700 1 _aHenry, Lucien.
_962598
830 0 _aLes grands textes du marxisme
_9232425
852 _aES-MaACL
_jA-4481
999 _c100287
_d100287